[Event "LSS No Engine Cup 01 Preliminary 3"]
[Site "LSS email"]
[Date "2009.06.29"]
[Round "?"]
[White "Gomez Galan Arense, Joaquin"]
[Black "Gonzalez Beltran, Javier"]
[Result "0-1"]
[WhiteElo "1624"]
[BlackElo "1455"]
[PlyCount "102"]
[EventDate "2009.06.30"]
[EventType "tourn (corr)"]
[EventRounds "6"]
[EventCountry "GER"]
[SourceTitle "Corr 2013"]
[Source "ChessBase"]
[SourceDate "2012.11.12"]
[SourceVersion "1"]
[SourceVersionDate "2012.11.12"]
[SourceQuality "1"]

1. e4 c5 2. Nf3 Nc6 3. d4 cxd4 4. Nxd4 Qb6 5. Nf3 d6 6. Bd3 Nf6 7. 0-0 e6 8. Nc3 Be7 9. Rb1 a6 10. Be3 Qc7 11. h3 0-0 12. Re1 Bd7 13. a3 b5 14. Qe2 Rac8 15. Bg5 Rfe8 16. Rbd1 Ne5 17. Nxe5 dxe5 18. Qf3 Bc6 19. Be3 Bb7 20. Rd2 Rcd8 21. Red1 Rd7 22. Qg3 Red8 23. Bh6 Bf8 24. Bg5 Kh8 25. Qh4 Be7 26. Re2 Ng8 27. Bxe7 Nxe7 28. Re3 Ng6 29. Qg3 Rd4 30. Ree1 Qe7 31. Ne2 R4d7 32. Qe3 Qh4 33. Ng3 Nf4 34. Qf3 f5 35. b4 Rf7 36. Qe3 Rdf8 37. Bf1 Nxh3+ 38. gxh3 f4 39. Qf3 fxg3 40. Qxg3 Qf4 41. Qxf4 Rxf4 42. Rd2 Bxe4 43. c3 h6 44. Bg2 Bxg2 45. Kxg2 R8f5 46. Ree2 a5 47. bxa5 Rg5+ 48. Kf1 Ra4 49. Rd8+ Kh7 50. Rb8 Rxa5 51. Rb6 Rxa3 0-1

[Event "LSS No Engine Cup Gr01 prel 03 email"]
[Site "LSS email"]
[Date "2009.06.29"]
[Round "?"]
[White "Gonzalez Beltran, Javier"]
[Black "Chatzisotiriou, Petros"]
[Result "1-0"]
[WhiteElo "1406"]
[BlackElo "1241"]
[PlyCount "53"]
[EventDate "2009.06.30"]
[EventType "tourn (corr)"]
[EventRounds "6"]
[EventCountry "GER"]
[SourceTitle "Telechess CBM 135"]
[Source "ChessBase"]
[SourceDate "2010.03.17"]
[SourceVersion "1"]
[SourceVersionDate "2010.03.17"]
[SourceQuality "1"]

1. e4 c6 2. d4 d5 3. exd5 cxd5 4. c4 dxc4 5. Bxc4 Qc7 6. Bb3 Nf6 7. Nf3 e6 8. 0-0 Bd6 9. Nc3 a6 10. Bg5 Nbd7 11. d5 Nc5 12. dxe6 Bxe6 13. Bxe6 Nxe6 14. Bxf6 gxf6 15. Rc1 Qb6 16. Re1 Rd8 17. Qa4+ Kf8 18. Qh4 Be7 19. Qh6+ Ng7 20. Rxe7 Kxe7 21. Qxg7 Qxb2 22. Re1+ Kd7 23. Qxf6 Kc8 24. Qf4 Rhe8 25. Rc1 Kd7 26. Na4 Qb5 27. Rc7+ 1-0

[Event "IECG SH.2007.0.00090 email"]
[Site "IECG email"]
[Date "2007.02.20"]
[Round "?"]
[White "Pecotic, Kuzma"]
[Black "Gonzalez Beltran, Javier"]
[Result "1/2-1/2"]
[WhiteElo "2222"]
[BlackElo "1451"]
[PlyCount "80"]
[EventDate "2007.02.20"]
[EventType "tourn (corr)"]
[EventRounds "6"]
[SourceTitle "Corr 2008"]
[Source "ChessBase"]
[SourceDate "2008.06.24"]
[SourceVersion "1"]
[SourceVersionDate "2008.06.24"]
[SourceQuality "1"]

1. d4 Nf6 2. c4 e6 3. Nf3 d5 4. Nc3 c6 5. e3 a6 6. c5 Nbd7 7. b4 g6 8. Bd3 Bg7 9. 0-0 0-0 10. Na4 Re8 11. Bb2 e5 12. dxe5 Ng4 13. e6 fxe6 14. Bxg7 Kxg7 15. Re1 Qf6 16. Qd2 Rf8 17. h3 Nge5 18. Nxe5 Nxe5 19. Bf1 Bd7 20. e4 Rad8 21. Rad1 g5 22. Qb2 Rfe8 23. Rd2 Re7 24. Qc3 a5 25. a3 axb4 26. axb4 h5 27. Nb6 Be8 28. exd5 exd5 29. Rde2 d4 30. Qg3 h4 31. Qh2 d3 32. Rxe5 Rxe5 33. Qxe5 Qxe5 34. Rxe5 d2 35. Be2 Kf6 36. Re3 d1Q+ 37. Bxd1 Rxd1+ 38. Kh2 Bg6 39. Re2 Bf5 40. Rb2 Rc1 1/2-1/2

[Event "IECG CP.2005.Q.00001 email"]
[Site "IECG email"]
[Date "2007.01.15"]
[Round "?"]
[White "Gonzalez Beltran, Javier"]
[Black "Amir, Jacob"]
[Result "1/2-1/2"]
[WhiteElo "1451"]
[BlackElo "1341"]
[PlyCount "130"]
[EventDate "2007.01.15"]
[EventType "tourn (corr)"]
[EventRounds "9"]
[SourceTitle "Corr 2008"]
[Source "ChessBase"]
[SourceDate "2008.06.24"]
[SourceVersion "1"]
[SourceVersionDate "2008.06.24"]
[SourceQuality "1"]

1. e4 e5 2. Nf3 Nc6 3. Bb5 a6 4. Ba4 Nf6 5. 0-0 Be7 6. Re1 0-0 7. Bxc6 dxc6 8. Nxe5 Bd6 9. Nf3 Bb4 10. c3 Be7 11. d4 Bg4 12. Nbd2 c5 13. h3 Bh5 14. dxc5 Bxc5 15. b4 Be7 16. Qb3 Re8 17. c4 c5 18. a3 cxb4 19. axb4 Bxf3 20. Nxf3 Qb6 21. Rb1 Qc7 22. e5 Nd7 23. Bf4 Nf8 24. Nd4 Ng6 25. Bg3 Qc8 26. c5 Rd8 27. Rbd1 Nf8 28. Kh2 a5 29. e6 Nxe6 30. Rxe6 a4 31. Qa2 fxe6 32. Nxe6 Kh8 33. Nxd8 Bxd8 34. Be5 Bc7 35. f4 Bxe5 36. fxe5 h6 37. e6 a3 38. Kh1 Qc6 39. e7 Qe8 40. Rd8 Rxd8 41. exd8Q Qxd8 42. Qxa3 Qe7 43. Qc3 Qe4 44. Qd2 Kg8 45. Kh2 Kf7 46. g3 Ke6 47. b5 Qd5 48. Qf2 Qc4 49. b6 Qe4 50. h4 h5 51. Qa2+ Qd5 52. Qe2+ Kd7 53. Qb5+ Kd8 54. Qa5 Kd7 55. Qa4+ Ke7 56. c6 Qd2+ 57. Kh3 Qd5 58. Qb4+ Kf7 59. Qf4+ Kg8 60. Qc1 bxc6 61. Qb1 Qe6+ 62. Kh2 Qe2+ 63. Kh3 Qe6+ 64. Kh2 Qe2+ 65. Kh3 Qe6+ 1/2-1/2

[Event "CFriend SL-2005-0-00034 email"]
[Site "Chessfriend.com"]
[Date "2005.10.13"]
[Round "1"]
[White "Gonzalez Beltran, Javier"]
[Black "Domanov, Dmitry"]
[Result "0-1"]
[WhiteElo "1500"]
[BlackElo "1200"]
[PlyCount "56"]
[EventDate "2005.??.??"]
[EventType "tourn (corr)"]
[EventRounds "12"]
[SourceTitle "Corr 2008"]
[Source "ChessBase"]
[SourceDate "2008.06.24"]
[SourceVersion "1"]
[SourceVersionDate "2008.06.24"]
[SourceQuality "1"]

1. e4 c5 2. Nf3 d6 3. d4 cxd4 4. Nxd4 Nf6 5. Nc3 a6 6. Bg5 e6 7. f4 Qc7 8. f5 b5 9. fxe6 fxe6 10. Qf3 b4 11. Nce2 Qf7 12. Ng3 Bd7 13. Bc4 Nc6 14. Bxe6 Bxe6 15. Nxc6 Rc8 16. Nd4 Be7 17. Nxe6 Qxe6 18. Qd3 h6 19. Bd2 d5 20. Nf5 dxe4 21. Nxg7+ Kf7 22. Nxe6 exd3 23. Nd4 dxc2 24. Rc1 Bc5 25. Nxc2 Rhe8+ 26. Kf1 Ne4 27. Be1 Bd6 28. g3 Be5 0-1

[Event "IECG CD.2005.0.00099 email"]
[Site "IECG email"]
[Date "2005.08.28"]
[Round "1"]
[White "Gonzalez Beltran, Javier"]
[Black "Casser, Aaron"]
[Result "0-1"]
[WhiteElo "1500"]
[BlackElo "1506"]
[PlyCount "62"]
[EventDate "2005.08.28"]
[EventType "tourn (corr)"]
[EventRounds "6"]
[SourceTitle "Corr 2008"]
[Source "ChessBase"]
[SourceDate "2008.06.24"]
[SourceVersion "1"]
[SourceVersionDate "2008.06.24"]
[SourceQuality "1"]

1. e4 e6 2. d4 d5 3. e5 c5 4. c3 Nc6 5. Nf3 Bd7 6. Bd3 cxd4 7. cxd4 Qb6 8. 0-0 Nxd4 9. Nxd4 Qxd4 10. Nc3 Qxe5 11. Re1 Qb8 12. Nxd5 Bd6 13. Qg4 Kf8 14. Bd2 h5 15. Qh3 Bc6 16. Ne3 Nf6 17. Nc4 Bc7 18. Bc3 Ng4 19. g3 Qd8 20. Be4 Bxe4 21. Rxe4 Qg5 22. Rd1 b5 23. Rd7 Rc8 24. Nd6 Bxd6 25. Rxd6 a5 26. Bxa5 Qf5 27. Re2 Rc1+ 28. Kg2 Qb1 29. f4 Rh1 30. Kf3 g5 31. Bd2 Qd1 0-1